000 00591nam a2200229Ia 4500
003 IT-RoPAU
008 120407s9999 xx 000 0 und d
040 _aIT-RoPAU
040 _cIT-RoPAU
041 _aita
100 _aRomana Beat.
245 _a"Congregazione Per le Cause dei Santi Romana. Beat., et Con.. servi Dei Thimothei Giaccardo,Sacerdotis e Pia Societati Sacti Pauli."
250 _aRoma
260 _aSuper Dubio.
260 _c1958
300 _c cm
490 _v1
700 _aTimothei Giaccardo
700 _cCan. Servi Dei
942 _cBK
999 _c23717
_d23717